00906 2200325 4500001002100000005001500021035002000036007000300056040001700059100003000076245005200106300002700158020002200185041000800207082001100215084001600226090001900242264003900261336002100300337003000321338002300351650003800374850001000412008004100422504002500463250002500488990002300513990002200536990002200558INLIS00000000000482220260516112501 a0010-0122000454ta aSBPUPADbind0 aZaeni AsyhadieePengarang1 aAspek - Aspek Hukum Jaminan Sosial Tenaga Kerja axii, 274 hal. ;c21 cm a978-979-769-195-0 aind a368.41 a368.1 ZAE a a215 ZAG p 2-13 a.--Jakarta :bRajawali Pers,c2013 2rdacontentaTeks 2rdamediaaTanpa Perantara 2rdacarrieraVolume 4aHukum Jaminan Sosial Tenaga Kerja aPUPAD260516 0  abibliografi, hlm 239 a.-Ed. Revisi, Cet. 2 a36.092/BR/DPK/2021 a36.094/B/DPK/2021 a36.093/B/DPK/2021